书目信息 |
| 题名: |
MATLAB数值计算
|
|
| 作者: | 莫勒 著 | |
| 分册: | ||
| 出版信息: | 北京 北京航空航天大学出版社 2014.10 |
|
| 页数: | 346页 | |
| 开本: | 24cm | |
| 丛书名: | ||
| 单 册: | ||
| 中图分类: | TP312MA , TP391.75 | |
| 科图分类: | ||
| 主题词: | Matlab软件--数值计算--英文 , Matlab软件 , 数值计算 | |
| 电子资源: | 9787512415751.jpg | |
| ISBN: | 978-7-5124-1575-1 | |
| 000 | 01147nam0 2200337 450 | |
| 001 | 0120141424597 | |
| 005 | 20170622104532.92 | |
| 010 | @a978-7-5124-1575-1@dCNY88.00 | |
| 092 | @aCN@b人天653-3289 | |
| 100 | @a20141212d2014 em y0chiy0110 ea | |
| 101 | 0 | @aeng@gchi |
| 102 | @aCN@b110000 | |
| 105 | @aa z 001yy | |
| 106 | @ar | |
| 200 | 1 | @aMATLAB数值计算@9MATLABshu zhi ji suan@dNumerical computing with MATLAB@e英文版@fCleve B. Moler[著]@zeng |
| 205 | @a修订版 | |
| 210 | @a北京@c北京航空航天大学出版社@d2014.10 | |
| 215 | @a346页@c图@d24cm | |
| 305 | @a由Cleve B. Moler授权出版 | |
| 330 | @a本书主要内容包括:MATLAB介绍、线性方程组、插值、方程求根、最小二乘法、数值积分、常微分方程、傅里叶分析、随机数、特征值与奇异值、偏微分方程。 | |
| 333 | @a计算机相关专业师生 | |
| 510 | 1 | @aNumerical computing with MATLAB@zeng |
| 606 | 0 | @aMatlab软件@x数值计算@x英文 |
| 606 | 0 | @aMatlab软件 |
| 606 | 0 | @a数值计算 |
| 690 | @aTP312MA@v5 | |
| 690 | @aTP391.75@v5 | |
| 701 | 0 | @a莫勒@9mo le@c(Moler, Cleve B.)@4著 |
| 801 | 0 | @aCN@b人天书店@c20141212 |
| 856 | @u9787512415751.jpg | |
| 905 | @b992068-70@dTP312MA@e1088=2@f3 | |
| MATLAB数值计算=Numerical computing with MATLAB:英文版/Cleve B. Moler[著].-修订版.-北京:北京航空航天大学出版社,2014.10 |
| 346页:图;24cm |
| 使用对象:计算机相关专业师生 |
| ISBN 978-7-5124-1575-1:CNY88.00 |
| 本书主要内容包括:MATLAB介绍、线性方程组、插值、方程求根、最小二乘法、数值积分、常微分方程、傅里叶分析、随机数、特征值与奇异值、偏微分方程。 |
| ● |
| 相关链接 |
|
|
|
|
正题名:MATLAB数值计算
索取号:TP312MA/1088=2
 
预约/预借
| 序号 | 登录号 | 条形码 | 馆藏地/架位号 | 状态 | 备注 |
| 1 | 992068 | 209920683 | 第二样本阅览室/ [索取号:TP312MA/1088=2] | 在馆 | |
| 2 | 992069 | 209920692 | 密集书库-物理学院/ [索取号:TP312MA/1088=2] | 在馆 | |
| 3 | 992070 | 209920709 | 第三借阅区/ [索取号:TP312MA/1088=2] | 在馆 |